[Event "POL-chT3 Wielkopolska 1112"]
[Site "Poland"]
[Date "2012.??.??"]
[Round "6.2"]
[White "Kozlowski, Tomasz"]
[Black "Szadkowski, Krzysztof"]
[Result "1-0"]
[WhiteElo "1963"]
[BlackElo "2144"]
[PlyCount "41"]
[EventDate "2011.11.27"]
[EventType "team-tourn"]
[EventRounds "11"]
[EventCountry "POL"]
[SourceTitle "EXT 2014"]
[Source "ChessBase"]
[SourceDate "2013.11.20"]
[SourceVersion "1"]
[SourceVersionDate "2013.11.20"]
[SourceQuality "1"]
[WhiteTeam "Srem LKS Piast"]
[BlackTeam "Smecz Konin"]
[WhiteTeamCountry "POL"]
[BlackTeamCountry "POL"]

1. Nf3 Nf6 2. g3 g6 3. Bg2 Bg7 4. 0-0 0-0 5. d3 d6 6. h3 c6 7. c3 Qc7 8. e4 Nbd7 9. Qc2 e5 10. Nbd2 d5 11. Re1 Nc5 12. c4 dxe4 13. Nxe4 Nfxe4 14. dxe4 f5 15. Nd2 Nxe4 16. Nxe4 fxe4 17. Qxe4 Bf5 18. Qe2 Rae8 19. Bg5 Be6 20. Rad1 Qa5 21. c5 1-0

[Event "POL-chT3 Wielkopolska 1112"]
[Site "Poland"]
[Date "2012.??.??"]
[Round "5.26"]
[White "Szadkowski, Krzysztof"]
[Black "Bajerlein, Dawid"]
[Result "1/2-1/2"]
[WhiteElo "2144"]
[BlackElo "2067"]
[PlyCount "116"]
[EventDate "2011.11.27"]
[EventType "team-tourn"]
[EventRounds "11"]
[EventCountry "POL"]
[SourceTitle "EXT 2014"]
[Source "ChessBase"]
[SourceDate "2013.11.20"]
[SourceVersion "1"]
[SourceVersionDate "2013.11.20"]
[SourceQuality "1"]
[WhiteTeam "Smecz Konin"]
[BlackTeam "Steszew Lipno"]
[WhiteTeamCountry "POL"]
[BlackTeamCountry "POL"]

1. e4 c6 2. d4 d5 3. exd5 cxd5 4. Nf3 Nf6 5. c4 e6 6. Nc3 Bb4 7. Qa4+ Nc6 8. Ne5 Bd7 9. Nxc6 Bxc3+ 10. bxc3 Bxc6 11. Qb4 Qe7 12. Qa5 0-0 13. Ba3 Qd8 14. Qxd8 Rfxd8 15. f3 dxc4 16. Bxc4 Nd5 17. Rc1 Ne3 18. Bf1 Rac8 19. Kf2 Nxf1 20. Rhxf1 Bb5 21. Rfe1 Bc4 22. Bb4 b6 23. Rc2 a5 24. Be7 Rd7 25. Bg5 a4 26. Re3 Rdc7 27. Ke1 a3 28. Kd2 b5 29. Re1 Rd7 30. Rec1 f6 31. Be3 e5 32. Ke1 Bd3 33. Rd2 e4 34. fxe4 Bxe4 35. Rf2 Rdc7 36. Bf4 Rxc3 37. Rxc3 Rxc3 38. Bd6 Kf7 39. Re2 f5 40. g3 g6 41. Bb4 Rd3 42. Rd2 Ke6 43. Rxd3 Bxd3 44. Kd2 Bc4 45. Bxa3 Kd5 46. Kc3 Bxa2 47. Bc1 Bc4 48. h4 Ke4 49. Bf4 Kf3 50. Kb4 h6 51. d5 Bxd5 52. Kxb5 g5 53. hxg5 hxg5 54. Bxg5 Kxg3 55. Kc5 f4 56. Kxd5 f3 57. Be3 f2 58. Bxf2+ Kxf2 1/2-1/2

[Event "POL-chT3 Wielkopolska 1112"]
[Site "Poland"]
[Date "2012.??.??"]
[Round "8.32"]
[White "Tomczak, Mikolaj"]
[Black "Szadkowski, Krzysztof"]
[Result "0-1"]
[WhiteElo "1825"]
[BlackElo "2144"]
[PlyCount "84"]
[EventDate "2011.11.27"]
[EventType "team-tourn"]
[EventRounds "11"]
[EventCountry "POL"]
[SourceTitle "EXT 2014"]
[Source "ChessBase"]
[SourceDate "2013.11.20"]
[SourceVersion "1"]
[SourceVersionDate "2013.11.20"]
[SourceQuality "1"]
[WhiteTeam "Leszno Wieniawa"]
[BlackTeam "Smecz Konin"]
[WhiteTeamCountry "POL"]
[BlackTeamCountry "POL"]

1. e4 Nf6 2. e5 Nd5 3. d4 d6 4. c4 Nb6 5. exd6 exd6 6. Nf3 Bg4 7. Be2 Be7 8. 0-0 0-0 9. b3 Bf6 10. Bb2 Nc6 11. Na3 d5 12. c5 Nd7 13. Qd2 Re8 14. Rad1 Re4 15. Rfe1 Nf8 16. b4 Ne6 17. Nc2 Nf4 18. b5 Nxe2+ 19. Rxe2 Bxf3 20. gxf3 Bg5 21. Qe1 Rxe2 22. Qxe2 Ne7 23. Ne3 Ng6 24. Ng2 Qf6 25. Bc3 a6 26. a4 axb5 27. axb5 Nf8 28. Ra1 Rxa1+ 29. Bxa1 Ne6 30. Qd1 Bf4 31. Qa4 Qg6 32. Qb3 Bg5 33. Kf1 Bf6 34. c6 bxc6 35. bxc6 h6 36. Ne3 Qh5 37. Nxd5 Qxh2 38. Qb8+ Kh7 39. Qb1+ Kg8 40. Qb8+ Bd8 41. Qb3 Qh1+ 42. Ke2 Qxa1 0-1

[Event "POL-chT IV GrB"]
[Site "Konin"]
[Date "2011.03.27"]
[Round "9"]
[White "Kujawski, Kazimierz"]
[Black "Szadkowski, Krzysztof"]
[Result "1/2-1/2"]
[WhiteElo "1883"]
[BlackElo "2128"]
[PlyCount "39"]
[EventDate "2011.01.23"]
[EventType "team-tourn"]
[EventRounds "9"]
[EventCountry "POL"]
[SourceTitle "EXT 2019"]
[Source "ChessBase"]
[SourceDate "2018.10.10"]
[SourceVersion "1"]
[SourceVersionDate "2018.10.10"]
[SourceQuality "1"]
[WhiteTeam "Gniezno LKS Chrobry III"]
[BlackTeam "Konin UKS Smecz"]
[WhiteTeamCountry "POL"]
[BlackTeamCountry "POL"]

1. f4 d5 2. b3 c5 3. e3 Nc6 4. Bb2 Qc7 5. Nf3 Bg4 6. Be2 Nf6 7. 0-0 e6 8. Ne5 Bxe2 9. Qxe2 Bd6 10. Nxc6 bxc6 11. d3 0-0 12. Nd2 e5 13. g3 Rfe8 14. Qg2 Qb6 15. c4 d4 16. g4 dxe3 17. g5 Nd7 18. Ne4 Qc7 19. f5 Nf8 20. Rf3 1/2-1/2